[Event "FIDE Online Olympiad"]
[Site "Chess.com"]
[Date "2020.08.23"]
[EventDate "2020.08.21"]
[Round "9"]
[Result "1-0"]
[White "David Anton Guijarro"]
[Black "Daniel Barrish"]
[WhiteElo "2718"]
[BlackElo "2183"]
[Source "Chess-Results"]
[PlyCount "75"]

1. Nf3 d5 2. g3 c6 3. Bg2 Bg4 4. h3 Bh5 5. O-O Nd7 6. d3 Ngf6
7. Qe1 e5 8. e4 dxe4 9. dxe4 Bxf3 10. Bxf3 Bc5 11. Nd2 O-O
12. Qe2 Qc7 13. a4 a5 14. Nc4 Rfe8 15. Kg2 Nf8 16. Bg5 N6d7
17. Bg4 Ne6 18. Bxe6 Rxe6 19. Rfd1 h6 20. Be3 Bxe3 21. Qxe3
Nf8 22. Qb6 Qxb6 23. Nxb6 Rb8 24. Ra3 Re7 25. Nc4 b6 26. Rb3
Rd7 27. Rdd3 Rxd3 28. Rxd3 f6 29. Rd6 b5 30. axb5 cxb5
31. Nxa5 Kf7 32. c3 Ra8 33. b4 Ne6 34. h4 Rc8 35. Rc6 Rd8
36. Nb7 Rd3 37. Rxe6 Rxc3 38. Rb6 1-0

[Event "FIDE Online Olympiad"]
[Site "Chess.com"]
[Date "2020.08.23"]
[EventDate "2020.08.21"]
[Round "9"]
[Result "1-0"]
[White "Ana Matnadze"]
[Black "Jesse Nikki February"]
[WhiteElo "2361"]
[BlackElo "1839"]
[Source "Chess-Results"]
[PlyCount "95"]

1. d4 Nf6 2. Nf3 e6 3. c4 d5 4. g3 Be7 5. Bg2 O-O 6. Nc3 dxc4
7. Ne5 c5 8. dxc5 Qa5 9. Nxc4 Qxc5 10. Qb3 Nc6 11. Be3 Qb4
12. O-O Qxb3 13. axb3 Bd7 14. Rfd1 Rfd8 15. Nb5 Be8 16. Nc7
Rxd1+ 17. Rxd1 Rd8 18. Rxd8 Bxd8 19. Nxe8 Nxe8 20. Bxc6 bxc6
21. Bxa7 f6 22. Kf1 Kf7 23. Ke1 Bc7 24. Bc5 e5 25. e4 Ke6
26. Ke2 f5 27. f3 fxe4 28. fxe4 Nf6 29. Kf3 Ne8 30. b4 Nd6
31. Nxd6 Bxd6 32. Ke3 Bc7 33. Kd3 g6 34. Kc4 Bd8 35. b5 Kd7
36. b4 Kc7 37. bxc6 Kxc6 38. b5+ Kb7 39. Kd5 Bf6 40. Bd6 Kb6
41. Bxe5 Be7 42. Kc4 h5 43. Bd4+ Kb7 44. Kd5 h4 45. gxh4 Bxh4
46. h3 Bd8 47. Ke6 g5 48. Kf5 1-0

[Event "FIDE Online Olympiad"]
[Site "Chess.com"]
[Date "2020.08.23"]
[EventDate "2020.08.21"]
[Round "9"]
[Result "1-0"]
[White "Lance Henderson de La Fuente"]
[Black "Keith Khumalo"]
[WhiteElo "2177"]
[BlackElo "1921"]
[Source "Chess-Results"]
[PlyCount "79"]

1. d4 d5 2. Nf3 Nf6 3. c4 e6 4. g3 Be7 5. Bg2 O-O 6. O-O dxc4
7. Qc2 a6 8. a4 Bd7 9. Rd1 Nc6 10. Qxc4 Nb4 11. Ne5 b5 12. Qc3
Nfd5 13. Qd2 Be8 14. Nc3 f6 15. Nxd5 Nxd5 16. Nd3 bxa4 17. e4
Nb6 18. Qc3 Ra7 19. Be3 a5 20. Nc5 Qc8 21. d5 e5 22. Ne6 Bb4
23. Qc2 Bh5 24. Rdc1 Qb8 25. Nxf8 Qxf8 26. Bh3 Be8 27. Be6+
Kh8 28. Bc5 Bxc5 29. Qxc5 Qd6 30. Ra3 g6 31. Rac3 h5 32. Qxd6
cxd6 33. Rc7 Ra8 34. Re7 g5 35. Bf5 a3 36. bxa3 Na4 37. Rcc7
Nc5 38. Rh7+ Kg8 39. Rcg7+ Kf8 40. Be6 1-0

[Event "FIDE Online Olympiad"]
[Site "Chess.com"]
[Date "2020.08.23"]
[EventDate "2020.08.21"]
[Round "9"]
[Result "1-0"]
[White "Benjamin Gledura"]
[Black "Eirik T Gullaksen"]
[WhiteElo "2619"]
[BlackElo "2335"]
[Source "Chess-Results"]
[PlyCount "57"]

1. Nf3 Nf6 2. g3 g6 3. b3 Bg7 4. Bb2 O-O 5. Bg2 d6 6. d4 c5
7. c4 a6 8. O-O Nc6 9. Nc3 Bf5 10. dxc5 Ne4 11. Qc1 Nxc5
12. Nd5 Bxb2 13. Qxb2 Be4 14. Nc3 Bf5 15. Rfd1 Rc8 16. Nd4 Bg4
17. Rac1 Bd7 18. Nd5 b5 19. cxb5 Nxd4 20. Rxd4 axb5 21. Qd2
Ne6 22. Rxc8 Bxc8 23. Rb4 Bd7 24. Qh6 Re8 25. Rh4 Nf8 26. Qd2
e6 27. Nc3 Qe7 28. Rd4 Rc8 29. e4 1-0

[Event "FIDE Online Olympiad"]
[Site "Chess.com"]
[Date "2020.08.23"]
[EventDate "2020.08.21"]
[Round "9"]
[Result "1-0"]
[White "Zsoka Gaal"]
[Black "Ulrikke Langvik"]
[WhiteElo "1816"]
[BlackElo "1629"]
[Source "Chess-Results"]
[PlyCount "59"]

1. Nf3 d5 2. g3 Bf5 3. Bg2 Nf6 4. c4 e6 5. cxd5 exd5 6. d3 Bd6
7. O-O O-O 8. Qb3 Qc8 9. Nc3 c6 10. Bg5 Nbd7 11. Rfd1 h6
12. Bxf6 Nxf6 13. e4 dxe4 14. dxe4 Be6 15. Qc2 Bc5 16. e5 Ng4
17. Ne4 Bxf2+ 18. Nxf2 Ne3 19. Qa4 Nxd1 20. Rxd1 Rd8 21. Re1
Qc7 22. Qh4 Bxa2 23. Ne4 Bd5 24. Nf6+ gxf6 25. exf6 Kh7
26. Ng5+ Kg6 27. Be4+ Bxe4 28. Qxe4+ Kxg5 29. Rf1 Rd4 30. Qf5#
1-0

[Event "FIDE Online Olympiad"]
[Site "Chess.com"]
[Date "2020.08.23"]
[EventDate "2020.08.21"]
[Round "9"]
[Result "1-0"]
[White "Govhar Beydullayeva"]
[Black "Florence Rollot"]
[WhiteElo "1924"]
[BlackElo "1944"]
[Source "Chess-Results"]
[PlyCount "113"]

1. Nf3 Nf6 2. c4 c5 3. Nc3 g6 4. d4 cxd4 5. Nxd4 Bg7 6. e4 d6
7. Be2 O-O 8. Be3 Nc6 9. Qd2 Ng4 10. Bxg4 Bxg4 11. f3 Bd7
12. O-O Rc8 13. b3 a6 14. Rac1 f5 15. exf5 Bxf5 16. Nxf5 Rxf5
17. Nd5 e6 18. Nb6 Rc7 19. Rcd1 d5 20. cxd5 exd5 21. Nxd5 Rcf7
22. Nb6 Qh4 23. g3 Qe7 24. f4 Rf8 25. Bf2 Qc7 26. Qd7 R8f7
27. Qxc7 Rxc7 28. Rfe1 Ra5 29. a4 Rf5 30. Re8+ Kf7 31. Re2 Nb4
32. Nc4 Bf8 33. Bb6 Bc5+ 34. Bxc5 Rfxc5 35. Rd8 Kg7 36. Nd6
Rc1+ 37. Kg2 R7c2 38. Rd7+ Kg8 39. Rxc2 Rxc2+ 40. Kf3 Rc3+
41. Ke4 b6 42. Ne8 Rxb3 43. Nf6+ Kf8 44. Nxh7+ Ke8 45. Nf6+
Kf8 46. Rb7 Nc2 47. Ke5 b5 48. Rb8+ Kf7 49. Rb7+ Kf8 50. a5
Re3+ 51. Ne4 Nb4 52. f5 g5 53. Kd4 Re1 54. Nxg5 Nc6+ 55. Kc5
Rc1+ 56. Kb6 Ke8 57. Rc7 1-0

[Event "FIDE Online Olympiad"]
[Site "Chess.com"]
[Date "2020.08.23"]
[EventDate "2020.08.21"]
[Round "7"]
[Result "1-0"]
[White "Omar Almeida Quintana"]
[Black "Francisco Varacalli"]
[WhiteElo "2489"]
[BlackElo "2124"]
[Source "Chess-Results"]
[PlyCount "85"]

1. d4 d5 2. Nf3 Nf6 3. c4 e6 4. Nc3 Nbd7 5. cxd5 exd5 6. Bf4
c6 7. e3 Nh5 8. Be5 Nhf6 9. Bg3 Nh5 10. Bd3 Nxg3 11. hxg3 Nf6
12. Qc2 Bd6 13. O-O-O Bg4 14. Bxh7 Nxh7 15. Rxh7 Rg8 16. e4
Be6 17. exd5 cxd5 18. Re1 Rc8 19. Kb1 Kf8 20. Ne5 Qf6 21. g4
Bxe5 22. Rxe5 Qf4 23. Qa4 Qxf2 24. Qb4+ Ke8 25. Rh1 Rc7
26. Qd6 Rc8 27. Rxe6+ fxe6 28. Qxe6+ Kd8 29. Qxg8+ Kc7
30. Qxg7+ Kb8 31. Qe5+ Ka8 32. Qxd5 a6 33. a4 Qd2 34. Rc1 Qf4
35. Qe4 Qd2 36. Rc2 Qg5 37. Nd5 Rxc2 38. Kxc2 Qd8 39. Kb3 a5
40. Qe5 Ka7 41. g5 Qf8 42. g6 Ka6 43. Qf6+ 1-0

[Event "FIDE Online Olympiad"]
[Site "Chess.com"]
[Date "2020.08.23"]
[EventDate "2020.08.21"]
[Round "7"]
[Result "1-0"]
[White "Roxangel Obregon Garcia"]
[Black "Anapaola S Borda Rodas"]
[WhiteElo "2138"]
[BlackElo "1994"]
[Source "Chess-Results"]
[PlyCount "81"]

1. e4 e5 2. Nf3 Nc6 3. Bb5 a6 4. Ba4 Nf6 5. Nc3 b5 6. Bb3 Bc5
7. Nd5 d6 8. c3 h6 9. d4 Ba7 10. a4 O-O 11. axb5 axb5
12. Nxf6+ Qxf6 13. d5 Bxf2+ 14. Kxf2 Rxa1 15. dxc6 Be6 16. Qc2
Qg6 17. Re1 Ra6 18. Kg1 Rxc6 19. Kh1 Rb8 20. Bxe6 Qxe6 21. Bd2
b4 22. Qd3 bxc3 23. Bxc3 Qc4 24. Qe3 Ra6 25. Nh4 Rba8 26. Nf5
Ra1 27. h3 Rxe1+ 28. Qxe1 Qd3 29. Kh2 Ra4 30. Ng3 h5 31. h4 g6
32. Kg1 Qa6 33. Kh2 Qd3 34. Qf2 Ra1 35. Qf6 Qe3 36. Qd8+ Kg7
37. Qxc7 Qf4 38. Qe7 Rd1 39. Qg5 Qf2 40. Nxh5+ Kf8 41. Qd8#
1-0

[Event "FIDE Online Olympiad"]
[Site "Chess.com"]
[Date "2020.08.23"]
[EventDate "2020.08.21"]
[Round "7"]
[Result "1-0"]
[White "Samuel Shankland"]
[Black "Mateusz Bartel"]
[WhiteElo "2609"]
[BlackElo "2615"]
[Source "Chess-Results"]
[PlyCount "99"]

1. d4 e6 2. Nf3 Nf6 3. c4 a6 4. Nbd2 d5 5. g3 b6 6. cxd5 exd5
7. Bg2 Bb7 8. O-O Be7 9. Nb1 O-O 10. Nc3 Nbd7 11. Bf4 Re8
12. Rc1 Nf8 13. h4 Ne6 14. e3 Nxf4 15. exf4 c5 16. dxc5 bxc5
17. Ne5 Rb8 18. b3 Bd6 19. Re1 d4 20. Na4 Bxg2 21. Kxg2 Qc7
22. Qf3 Re7 23. Nc4 Rxe1 24. Rxe1 Bf8 25. Nab2 Rd8 26. Re5 Bd6
27. Nxd6 Qxd6 28. Nd3 Nd5 29. Qe4 Qc6 30. Kg1 g6 31. h5 Kg7
32. hxg6 hxg6 33. f5 Qd6 34. fxg6 Qxg6 35. Qf3 Kg8 36. Nxc5
Nb4 37. Ne4 Kf8 38. a3 Nc6 39. Rg5 Qe6 40. Nc5 Qh6 41. Rf5 Kg8
42. Nd3 Ne7 43. Rxf7 Ng6 44. Rf5 Ne7 45. Qg4+ Ng6 46. Rh5 Qg7
47. Rg5 Rd6 48. Ne5 d3 49. Nxd3 Kf7 50. Ne5+ 1-0

[Event "FIDE Online Olympiad"]
[Site "Chess.com"]
[Date "2020.08.23"]
[EventDate "2020.08.21"]
[Round "7"]
[Result "1-0"]
[White "Monika (Bobrowska) Socko"]
[Black "Carissa Shiwen Yip"]
[WhiteElo "2321"]
[BlackElo "2421"]
[Source "Chess-Results"]
[PlyCount "137"]

1. d4 g6 2. c4 Bg7 3. Nf3 Nf6 4. g3 O-O 5. Bg2 d5 6. cxd5 Nxd5
7. Nc3 Nb6 8. O-O Nc6 9. d5 Nb4 10. e4 c6 11. Qb3 Nd3 12. Rd1
Nxc1 13. Raxc1 cxd5 14. exd5 Bd7 15. Nd4 Rc8 16. Ne6 Bxe6
17. dxe6 Qe8 18. Bxb7 Rb8 19. Bg2 f5 20. f4 a5 21. Qc2 Nc4
22. Nd5 Nxb2 23. Rd2 Kh8 24. Nc7 Qc8 25. Rd7 Rb4 26. Qc5 Bf6
27. Qxa5 Rd4 28. Qb5 Nd3 29. Rd1 Rxd7 30. exd7 Qxc7 31. Qxd3
Rd8 32. Kh1 Kg7 33. h4 Qa7 34. Qd5 Qe3 35. Kh2 e5 36. fxe5
Bxe5 37. Qf3 Qb6 38. Rd5 Qf6 39. Qe3 Bc7 40. Qd4 Qxd4 41. Rxd4
Kf6 42. a4 Ke5 43. Rd3 Ke6 44. Bc6 Bb6 45. Kg2 Bc7 46. Kf3 Ke7
47. h5 gxh5 48. Bb5 Rg8 49. Kf2 f4 50. gxf4 Rf8 51. Re3+ Kf7
52. Re8 Kg7 53. Ke2 h4 54. f5 h3 55. f6+ Rxf6 56. d8=Q Bxd8
57. Rxd8 h2 58. Rd1 Rh6 59. Rh1 Kf6 60. Kf3 Ke5 61. Kg3 Kd4
62. Rxh2 Rg6+ 63. Kf4 Rg7 64. Kf5 Kc5 65. Kf6 Ra7 66. Rh4 Kb6
67. Kg5 Ka5 68. Kh6 Rc7 69. Rg4 1-0

[Event "FIDE Online Olympiad"]
[Site "Chess.com"]
[Date "2020.08.23"]
[EventDate "2020.08.21"]
[Round "7"]
[Result "1-0"]
[White "German Gonzalo Quirhuayo Chumbe"]
[Black "Victor Labussiere"]
[WhiteElo "2396"]
[BlackElo "1940"]
[Source "Chess-Results"]
[PlyCount "63"]

1. e4 c5 2. Nf3 Nc6 3. d4 cxd4 4. Nxd4 Nf6 5. Nc3 d6 6. Bg5
Bd7 7. Qd2 Rc8 8. O-O-O Nxd4 9. Qxd4 Qa5 10. f4 Rxc3 11. bxc3
e5 12. Qb4 Qxb4 13. cxb4 Nxe4 14. Bh4 Nc3 15. Re1 Nxa2+
16. Kd2 Nxb4 17. Rb1 d5 18. c3 Nc6 19. Rxb7 Be7 20. Bxe7 Kxe7
21. Bb5 Kd6 22. fxe5+ Nxe5 23. Bxd7 Nxd7 24. Rxa7 Rb8 25. Kc2
Re8 26. Rd1 Kc6 27. Rd2 Re7 28. Kd1 Kb6 29. Rda2 Kc6 30. R2a6+
Kc5 31. Rc7+ Kb5 32. Raa7 1-0

[Event "FIDE Online Olympiad"]
[Site "Chess.com"]
[Date "2020.08.23"]
[EventDate "2020.08.21"]
[Round "7"]
[Result "1-0"]
[White "Nikolas Theodorou"]
[Black "Alejandro Benitez Galeano"]
[WhiteElo "2559"]
[BlackElo "1985"]
[Source "Chess-Results"]
[PlyCount "113"]

1. d4 d5 2. c4 dxc4 3. e4 e5 4. Nf3 exd4 5. Bxc4 Nc6 6. O-O
Be6 7. Bb5 Bc5 8. b4 Bb6 9. a4 a6 10. Bxc6+ bxc6 11. a5 Ba7
12. Bb2 Rb8 13. Bxd4 Bxd4 14. Nxd4 Rxb4 15. Nxc6 Qxd1 16. Rxd1
Rxb1 17. Raxb1 f6 18. Rb8+ Kf7 19. Nd8+ Ke7 20. Nxe6 Kxe6
21. Rdd8 Kf7 22. Rf8+ Ke6 23. Rxg8 Rxg8 24. Rxg8 Ke5 25. Rxg7
Kxe4 26. Rxc7 Kd5 27. Ra7 Kc5 28. Rxa6 Kb5 29. Rxf6 Kxa5
30. Rh6 Kb5 31. Rxh7 Kc5 32. Re7 Kd6 33. Re3 Kd5 34. h4 Kd4
35. h5 Kc4 36. h6 Kb4 37. Kh2 Ka4 38. Kg3 Kb4 39. Kg4 Kc4
40. Kg5 Kd5 41. Kf6 Kd6 42. h7 Kd7 43. g4 Kd6 44. g5 Kd5
45. g6 Kd4 46. g7 Kd5 47. Re7 Kc5 48. f4 Kc4 49. f5 Kc3
50. Kg6 Kc2 51. f6 Kc1 52. f7 Kd2 53. Kf6 Kd1 54. h8=Q Kc1
55. Qh2 Kb1 56. g8=Q Ka1 57. Qgg1# 1-0

[Event "FIDE Online Olympiad"]
[Site "Chess.com"]
[Date "2020.08.23"]
[EventDate "2020.08.21"]
[Round "8"]
[Result "1-0"]
[White "Yerisbel Miranda Llanes"]
[Black "Jennifer Perez Rodriguez"]
[WhiteElo "2262"]
[BlackElo "2150"]
[Source "Chess-Results"]
[PlyCount "67"]

1. d4 Nf6 2. c4 e6 3. Nc3 d5 4. cxd5 exd5 5. Bg5 Be7 6. e3 c6
7. Bd3 O-O 8. Nge2 Re8 9. O-O Ne4 10. Bf4 Bd6 11. Qc2 f5
12. Rae1 Bxf4 13. Nxf4 Qf6 14. f3 Nd6 15. Ncxd5 cxd5 16. Nxd5
Qf7 17. Nc7 Nc6 18. Nxa8 Be6 19. Qc5 Rd8 20. Nc7 Bxa2 21. Nb5
Nxb5 22. Qxb5 f4 23. exf4 Nxd4 24. Qa4 Bb3 25. Qxa7 Nc6
26. Qe3 Bd5 27. Be4 Bc4 28. Rf2 Nb4 29. Rd2 Re8 30. Bxh7+ Kxh7
31. Qxe8 Qxf4 32. Qe4+ Qxe4 33. Rxe4 b5 34. b3 1-0

[Event "FIDE Online Olympiad"]
[Site "Chess.com"]
[Date "2020.08.23"]
[EventDate "2020.08.21"]
[Round "8"]
[Result "1-0"]
[White "Gabriela Vargas"]
[Black "Oleiny Linares Napoles"]
[WhiteElo "2105"]
[BlackElo "2215"]
[Source "Chess-Results"]
[PlyCount "97"]

1. d4 Nf6 2. Nf3 c5 3. d5 g6 4. Nc3 d6 5. e4 Bg7 6. Be2 O-O
7. O-O Na6 8. h3 Nc7 9. a4 Rb8 10. Bf4 Nd7 11. Qd2 a6 12. Bh6
Re8 13. Bxg7 Kxg7 14. Rfe1 b5 15. axb5 axb5 16. b4 cxb4
17. Qd4+ Kg8 18. Qxb4 Nf6 19. Nd4 Na6 20. Qa5 Qxa5 21. Rxa5 b4
22. Bxa6 bxc3 23. f3 Bxa6 24. Rxa6 Rb4 25. Rd1 Rb2 26. Ra3 Nd7
27. Rxc3 Nc5 28. Ra1 Reb8 29. Kh2 R8b7 30. Ra8+ Kg7 31. Nc6 f5
32. Nd8 Rd7 33. e5 f4 34. e6 Rc7 35. Nc6 Rcb7 36. Re8 Rb1
37. Rxe7+ Rxe7 38. Nxe7 Kf6 39. Nc6 Rd1 40. e7 Kf7 41. Ra3
Rxd5 42. Ra8 Re5 43. Rf8+ Ke6 44. e8=Q+ Kd5 45. Nxe5 dxe5
46. Qa8+ Kc4 47. Rc8 Kd4 48. Rxc5 Kxc5 49. Qe4 1-0

[Event "FIDE Online Olympiad"]
[Site "Chess.com"]
[Date "2020.08.23"]
[EventDate "2020.08.21"]
[Round "8"]
[Result "1-0"]
[White "Carlos Daniel Albornoz Cabrera"]
[Black "Juan Heinechen"]
[WhiteElo "2573"]
[BlackElo "2001"]
[Source "Chess-Results"]
[PlyCount "47"]

1. e4 c5 2. Nf3 Nc6 3. d4 cxd4 4. Nxd4 g6 5. c4 Nf6 6. Nc3 d6
7. Be2 Bg7 8. Be3 O-O 9. O-O Nxd4 10. Bxd4 a5 11. f4 Nd7
12. Bxg7 Kxg7 13. Kh1 b6 14. Qd4+ Kg8 15. Rad1 Re8 16. e5 dxe5
17. fxe5 e6 18. Ne4 Qc7 19. Nd6 Re7 20. Qh4 Nxe5 21. Nb5 Qc5
22. Rd8+ Kg7 23. Qf6+ Kh6 24. Rf4 1-0

[Event "FIDE Online Olympiad"]
[Site "Chess.com"]
[Date "2020.08.23"]
[EventDate "2020.08.21"]
[Round "8"]
[Result "1-0"]
[White "Helen Montiel Caceres"]
[Black "Ineymig Hernandez Gil"]
[WhiteElo "1206"]
[BlackElo "2348"]
[Source "Chess-Results"]
[PlyCount "73"]

1. d4 d5 2. c4 c6 3. Nc3 Nf6 4. e3 e6 5. Nf3 Bd6 6. b3 O-O
7. Be2 Nbd7 8. Qc2 b6 9. Bb2 Bb7 10. O-O Rc8 11. Rfe1 c5
12. Rad1 Qe7 13. Nd2 Rfd8 14. Bf3 Ba8 15. Nb5 Bb8 16. g3 Bc6
17. Qb1 a6 18. Nc3 cxd4 19. exd4 dxc4 20. Bxc6 Rxc6 21. Nxc4
b5 22. d5 Rcc8 23. dxe6 fxe6 24. Nd2 Ne5 25. Nce4 Nfg4 26. Re2
Rf8 27. h3 Nh6 28. Kg2 Rcd8 29. Bxe5 Bxe5 30. Nf3 Bb8 31. Neg5
Nf5 32. Rxd8 Rxd8 33. Qxf5 exf5 34. Rxe7 h6 35. Ne6 Rc8
36. Rxg7+ Kh8 37. Nh4 1-0

[Event "FIDE Online Olympiad"]
[Site "Chess.com"]
[Date "2020.08.23"]
[EventDate "2020.08.21"]
[Round "8"]
[Result "1-0"]
[White "Antonios Pavlidis"]
[Black "Alessio Valsecchi"]
[WhiteElo "2608"]
[BlackElo "2453"]
[Source "Chess-Results"]
[PlyCount "87"]

1. e4 c5 2. Nf3 d6 3. d4 cxd4 4. Nxd4 Nf6 5. Nc3 a6 6. Be2 e5
7. Nb3 Be7 8. O-O O-O 9. Be3 Be6 10. Qd3 Nbd7 11. a4 Rc8
12. a5 Qc7 13. Rfc1 Rfd8 14. Nd5 Bxd5 15. exd5 Nc5 16. Nxc5
dxc5 17. c4 e4 18. Qd2 Bd6 19. g3 Re8 20. Rab1 Nd7 21. Kg2 f5
22. b3 Rf8 23. f4 exf3+ 24. Bxf3 Ne5 25. Rf1 Ng6 26. Bf2 Ne5
27. Be3 Ng6 28. Rbe1 f4 29. Bf2 Ne5 30. Be4 Ng4 31. Qe2 h5
32. Bg1 Rce8 33. Qd3 Kh8 34. gxf4 Qxa5 35. Re2 Qd8 36. h3 Nh6
37. Bg6 Rxe2+ 38. Qxe2 Bxf4 39. Qxh5 Bd6 40. Be3 Rxf1 41. Bxh6
Kg8 42. Bg5 Rf2+ 43. Kxf2 Qf8+ 44. Kg2 1-0

[Event "FIDE Online Olympiad"]
[Site "Chess.com"]
[Date "2020.08.23"]
[EventDate "2020.08.21"]
[Round "8"]
[Result "1-0"]
[White "Anastasia Avramidou"]
[Black "Angela Flavia Grimaldi"]
[WhiteElo "2052"]
[BlackElo "1864"]
[Source "Chess-Results"]
[PlyCount "121"]

1. d4 Nf6 2. c4 g6 3. Nc3 Bg7 4. e4 d6 5. Bd3 O-O 6. Nge2 c5
7. d5 e6 8. Bg5 exd5 9. exd5 Re8 10. O-O Nbd7 11. f4 h6
12. Bh4 g5 13. fxg5 Ng4 14. Qd2 Nde5 15. h3 Nxd3 16. Qxd3 hxg5
17. hxg4 gxh4 18. Qf3 Qe7 19. Kh1 Rf8 20. Nf4 Qg5 21. Ne4 Qxg4
22. Nxd6 Qxf3 23. gxf3 Be5 24. Nxc8 Bxf4 25. Ne7+ Kh7 26. Rfe1
Rfe8 27. Re4 Bg5 28. Rae1 Rad8 29. Kg2 Bf6 30. b3 Rd7 31. Nf5
Rg8+ 32. Kh3 Kg6 33. Rg1+ Kh7 34. Rxg8 Kxg8 35. Nxh4 b5
36. Nf5 bxc4 37. bxc4 Kh7 38. Kg4 Kg6 39. Re8 Rb7 40. d6 a5
41. Rg8+ Kh7 42. Rc8 Rd7 43. Rxc5 Bc3 44. Rc7 Rd8 45. Rxf7+
Kg6 46. Ra7 Bb4 47. Rc7 Kf6 48. c5 Ke6 49. Nd4+ Kd5 50. Nc6
Rg8+ 51. Kh3 Rh8+ 52. Kg2 Bxc5 53. d7 Bb6 54. Rc8 Rh6
55. d8=Q+ Bxd8 56. Nxd8 Rg6+ 57. Kf2 Rg8 58. Ra8 a4 59. Ke3
Re8+ 60. Kd3 Kc5 61. Nb7+ 1-0

[Event "FIDE Online Olympiad"]
[Site "Chess.com"]
[Date "2020.08.23"]
[EventDate "2020.08.21"]
[Round "8"]
[Result "1-0"]
[White "Svitlana Demchenko"]
[Black "Isabella Ribeiro Conti De Freitas"]
[WhiteElo "1523"]
[BlackElo "1776"]
[Source "Chess-Results"]
[PlyCount "75"]

1. e4 c5 2. Nf3 e6 3. d4 cxd4 4. Nxd4 a6 5. Bd3 Qc7 6. Qe2 d6
7. c4 Nf6 8. O-O Nbd7 9. Nc3 Be7 10. f4 O-O 11. Be3 b6
12. Rac1 Bb7 13. b4 Rac8 14. a3 Qb8 15. g4 Qa8 16. Bf2 g6
17. Bg3 e5 18. Nb3 exf4 19. Bxf4 Ne5 20. Bxe5 dxe5 21. Nd5
Nxd5 22. exd5 Rce8 23. Be4 Bg5 24. Rc3 Kh8 25. Qd1 Bf4 26. c5
f5 27. Bg2 fxg4 28. c6 Bc8 29. d6 Bf5 30. d7 Rd8 31. Rxf4 exf4
32. Qd4+ Kg8 33. Bd5+ Rf7 34. c7 Rxd7 35. c8=Q+ Rd8 36. Qxd8+
Qxd8 37. Bxf7+ Kxf7 38. Qxd8 1-0

[Event "FIDE Online Olympiad"]
[Site "Chess.com"]
[Date "2020.08.23"]
[EventDate "2020.08.21"]
[Round "8"]
[Result "1-0"]
[White "Jorge Cori"]
[Black "Samuel Shankland"]
[WhiteElo "2599"]
[BlackElo "2609"]
[Source "Chess-Results"]
[PlyCount "105"]

1. d4 d5 2. Nf3 Nf6 3. c4 c6 4. e3 e6 5. Nc3 Nbd7 6. Qc2 Bd6
7. b3 O-O 8. Bb2 e5 9. Be2 e4 10. Nd2 Re8 11. g4 Nf8 12. h3 h6
13. O-O-O Ng6 14. Kb1 Be6 15. Rhg1 Nh4 16. cxd5 cxd5 17. f4
exf3 18. Nxf3 Nxf3 19. Bxf3 Rc8 20. Qg2 Bb4 21. Ne2 Ne4
22. Bxe4 dxe4 23. Nf4 Bd6 24. Nxe6 Rxe6 25. d5 Re8 26. g5 hxg5
27. h4 Be5 28. d6 Qd7 29. Qxg5 f6 30. Qg6 Bxb2 31. Kxb2 Re6
32. h5 Qf7 33. h6 Qxg6 34. Rxg6 Kh7 35. Rxg7+ Kxh6 36. Rg2 Re5
37. d7 Rd8 38. Kc3 Rg5 39. Rf2 Kg6 40. Rd6 Rf5 41. Rxf5 Kxf5
42. Kd4 Kg6 43. Kxe4 Kf7 44. Kf5 Ke7 45. Rd4 b6 46. Rh4 Rg8
47. Rh7+ Kd8 48. Kxf6 Rg2 49. e4 Kc7 50. e5 Rf2+ 51. Ke7 Rd2
52. e6 a5 53. Rh8 1-0

[Event "FIDE Online Olympiad"]
[Site "Chess.com"]
[Date "2020.08.23"]
[EventDate "2020.08.21"]
[Round "8"]
[Result "1-0"]
[White "Jeffery Xiong"]
[Black "Ivan Excender Soriano Quispe"]
[WhiteElo "2730"]
[BlackElo "2028"]
[Source "Chess-Results"]
[PlyCount "67"]

1. e4 e5 2. Nf3 Nc6 3. d4 exd4 4. Nxd4 Nf6 5. Nc3 Bb4 6. Nxc6
bxc6 7. Bd3 d5 8. exd5 cxd5 9. O-O O-O 10. Qf3 c6 11. h3 Rb8
12. Bf4 Bd6 13. b3 Be6 14. Ne2 c5 15. Rad1 Re8 16. Rfe1 Rb4
17. Bd2 Rb8 18. Nf4 Qd7 19. Nxe6 fxe6 20. c4 Rf8 21. cxd5 exd5
22. Bf5 Qc7 23. Be6+ Kh8 24. Bxd5 Nxd5 25. Qxd5 Bh2+ 26. Kh1
Rxf2 27. Be3 Rxa2 28. Bxc5 Rc2 29. b4 h6 30. Re7 Qf4 31. Bd4
Rg8 32. Bxg7+ Rxg7 33. Re8+ Kh7 34. Qd3+ 1-0

[Event "FIDE Online Olympiad"]
[Site "Chess.com"]
[Date "2020.08.23"]
[EventDate "2020.08.21"]
[Round "9"]
[Result "1-0"]
[White "Monika (Bobrowska) Socko"]
[Black "Lisandra Teresa Ordaz Valdes"]
[WhiteElo "2321"]
[BlackElo "2290"]
[Source "Chess-Results"]
[PlyCount "121"]

1. d4 d5 2. c4 e6 3. Nf3 Nf6 4. g3 Bb4+ 5. Nbd2 O-O 6. Bg2 b6
7. O-O Bb7 8. Qc2 Nc6 9. a3 Bxd2 10. Bxd2 Rc8 11. b4 dxc4
12. Qxc4 Ne7 13. Rfd1 Ne4 14. Qc2 Nf5 15. Bf4 Ned6 16. Rac1
Be4 17. Qb2 Nb5 18. a4 Bxf3 19. Bxf3 Nbxd4 20. Be4 Qf6 21. Rd2
e5 22. Bxf5 Qxf5 23. Bxe5 Qxe5 24. Qxd4 Qe7 25. Qc4 c5
26. Rdc2 Qd7 27. Qa6 c4 28. e3 c3 29. a5 bxa5 30. bxa5 Rc6
31. Qb5 Qc7 32. a6 Rc8 33. Qb7 h6 34. Kf1 Qb6 35. Qxb6 Rxb6
36. Rxc3 Rxc3 37. Rxc3 Rxa6 38. Rc7 Ra2 39. Kg2 g6 40. h4 h5
41. Kf3 a5 42. e4 a4 43. Ke3 Kf8 44. Ra7 a3 45. f3 Ra1 46. Kf4
Kg7 47. e5 Kg8 48. Kg5 a2 49. Kf4 Kf8 50. Kg5 Kg8 51. e6 fxe6
52. Kxg6 Kf8 53. Kxh5 Rf1 54. Rxa2 Rxf3 55. g4 Kf7 56. Ra7+
Kf6 57. g5+ Ke5 58. Kg6 Rg3 59. h5 Kf4 60. Ra4+ Ke5 61. h6 1-0

[Event "FIDE Online Olympiad"]
[Site "Chess.com"]
[Date "2020.08.23"]
[EventDate "2020.08.21"]
[Round "9"]
[Result "1-0"]
[White "Pablo Ismael Acosta"]
[Black "Cristhian Cruz Sanchez"]
[WhiteElo "2377"]
[BlackElo "2516"]
[Source "Chess-Results"]
[PlyCount "81"]

1. d4 d5 2. c4 e6 3. Nf3 a6 4. cxd5 exd5 5. Nc3 Nf6 6. Bg5 Be6
7. Qc2 Nbd7 8. e3 h6 9. Bh4 Be7 10. Be2 O-O 11. O-O Re8 12. a3
c6 13. b4 Nf8 14. Rab1 Ng6 15. Bxf6 Bxf6 16. Bd3 Ne7 17. a4
Rc8 18. Nd2 a5 19. Qb2 axb4 20. Qxb4 c5 21. dxc5 b6 22. Bb5
bxc5 23. Qa3 Rf8 24. Rfc1 Nf5 25. Ne2 d4 26. e4 Nd6 27. Rxc5
Qa5 28. Rxc8 Rxc8 29. Qd3 Rb8 30. f4 Bd7 31. Nb3 Bxb5 32. Nxa5
Bxd3 33. Rxb8+ Kh7 34. e5 Bxe2 35. exf6 d3 36. Kf2 gxf6
37. Ke1 Ne4 38. Nc4 Bg4 39. a5 Be6 40. Nd2 Nc5 41. Rb5 1-0

[Event "FIDE Online Olympiad"]
[Site "Chess.com"]
[Date "2020.08.23"]
[EventDate "2020.08.21"]
[Round "9"]
[Result "1-0"]
[White "Ann Chumpitaz"]
[Black "Guadalupe Besso"]
[WhiteElo "2204"]
[BlackElo "2078"]
[Source "Chess-Results"]
[PlyCount "77"]

1. d4 d5 2. Nf3 c6 3. c4 Nf6 4. Nc3 g6 5. cxd5 cxd5 6. Bf4 Nc6
7. h3 Bg7 8. e3 O-O 9. Ne5 Bf5 10. Be2 Rc8 11. O-O a6 12. Rc1
Nb8 13. Qb3 b5 14. a4 bxa4 15. Nxa4 Qa5 16. Nc5 Ne4 17. Nxe4
Bxe4 18. Ra1 Qd2 19. Bxa6 Nxa6 20. Rxa6 Rc2 21. Nf3 Qe2
22. Rb6 Bd3 23. Nh2 g5 24. Bg3 Bc4 25. Qb4 Qh5 26. Ra1 f5
27. Rb8 Qf7 28. Rxf8+ Bxf8 29. Be5 f4 30. Nf3 fxe3 31. fxe3 h5
32. Qe1 h4 33. Nxg5 Qh5 34. Nf3 Be2 35. Nxh4 Kh7 36. Qg3 Bh6
37. Ra8 Rc1+ 38. Kh2 Bg4 39. Rh8# 1-0

[Event "FIDE Online Olympiad"]
[Site "Chess.com"]
[Date "2020.08.23"]
[EventDate "2020.08.21"]
[Round "9"]
[Result "1-0"]
[White "Tatev Abrahamyan"]
[Black "Qiyu Zhou"]
[WhiteElo "2358"]
[BlackElo "2229"]
[Source "Chess-Results"]
[PlyCount "83"]

1. e4 e5 2. Nf3 Nc6 3. Bc4 Bc5 4. O-O Nf6 5. d3 a6 6. c3 Ba7
7. Re1 O-O 8. h3 h6 9. Nbd2 d6 10. Bb3 Be6 11. Bc2 Ne7 12. Nf1
Ng6 13. Ng3 Qd7 14. d4 c6 15. Be3 Bb8 16. Qd2 Bc7 17. Rad1
Rad8 18. Bxh6 gxh6 19. Qxh6 Qe7 20. Nf5 Bxf5 21. exf5 Nf4
22. Qxf4 exf4 23. Rxe7 Rd7 24. Rde1 Rfd8 25. Ng5 Rxe7 26. Rxe7
Rd7 27. Rxd7 Nxd7 28. Kf1 Kg7 29. Ke2 d5 30. Kf3 Nb6 31. Bb3
Kf6 32. h4 Kxf5 33. Bc2+ Kf6 34. b3 Nd7 35. Nh3 Ba5 36. b4 Bc7
37. Nxf4 Nf8 38. g4 Ng6 39. g5+ Kg7 40. Bxg6 Bxf4 41. Kxf4
Kxg6 42. Kg4 1-0